Escritos fundamentales

Saved in:
Bibliografiske detaljer
Hovedforfatter: Bolívar, Simón 1783-1830
Format: Bog
Sprog:spansk
Udgivet: Caracas Monte Avila Editores 1991
Udgivelse:3a. ed
Fag:
Tags: Tilføj Tag
Ingen Tags, Vær først til at tagge denne postø!

MARC

LEADER 00000nam a2200000 a 4500
001 UCV9761
003 CL-VaPUC
008 930428e19910000VE |||||||||||||||||spa|d
082 0 4 |a 987.041  |b BOL  |2 21 
100 |a Bolívar, Simón   |d 1783-1830  |9 265422 
245 1 0 |a Escritos fundamentales 
250 |a 3a. ed 
300 |a 308 p 
942 |c BK 
945 |d 19930428 00:00:00 
260 |a Caracas  |b Monte Avila Editores  |c 1991 
600 0 |a Bolívar, Simón   |d 1783-1830  |9 265422 
650 0 |a Escritos políticos  |9 255204 
650 7 |a FILOSOFIA POLITICA  |2 CL-VaPUC  |9 303783 
583 |a last modification  |c 20160913 11:27:58  |k Rodrigo Vera 
999 |c 215061  |d 215059 
952 |0 0  |1 0  |4 0  |6 987_041000000000000_BOL_1991  |7 0  |8 P  |9 198998  |a BIBARQ  |b BIBARQ  |d 2019-11-14  |i 2663317  |o 987.041 BOL 1991  |p 2663317  |r 2025-01-20  |w 2019-11-14  |y BK  |k ARQ 
952 |0 0  |1 0  |4 0  |6 987_041000000000000_BOL_1991  |7 0  |8 A  |9 198999  |a BIBHIS  |b BIBHIS  |d 2019-11-14  |i 2663325  |o 987.041 BOL 1991  |p 2663325  |r 2025-01-20  |w 2019-11-14  |y BK  |k HIS